| 000 | 00718cam a22002531 4500 | ||
|---|---|---|---|
| 001 | sa 68013718 | ||
| 003 | DLC | ||
| 005 | 20260227112624.0 | ||
| 008 | 850618s1966 ii k 000 0 eng | ||
| 010 | _asa 68013718 | ||
| 025 | _aPL480:I-E-8379 | ||
| 035 | _a(OCoLC)12172178 | ||
| 040 |
_aDLC _cHU _dDLC |
||
| 042 | _apremarc | ||
| 043 | _aa-ii--- | ||
| 050 | 0 | 0 |
_aSH300.W4 _bA4 |
| 082 | _a354.54/008/23 | ||
| 110 | 1 |
_aWest Bengal (India). _bFisheries Department. |
|
| 245 | 1 | 0 | _aWest Bengal fisheries manual. |
| 260 |
_aAlipore, _bSuperintendent, Govt. Print., West Bengal Govt. Press, _c1966. |
||
| 300 |
_aii, 79 p. _bforms. _c24 cm. |
||
| 500 | _aCover title. | ||
| 650 | 0 |
_aFisheries _zIndia _zWest Bengal. |
|
| 999 |
_c85288 _d85288 |
||